| 000 | 00876 a2200301 4500 | ||
|---|---|---|---|
| 005 | 20260421150115.0 | ||
| 008 | 260421b |||||||| |||| 00| 0 eng d | ||
| 022 | _a 20289324 | ||
| 041 | _aFr | ||
| 041 | _aEn | ||
| 044 | _aCIV | ||
| 090 | _bDG/A/1678 | ||
| 100 | _a | ||
| 100 | _aANVO, Morgan Paul Magouana | ||
| 110 | _aCentre National de Recherche Agronomique | ||
| 110 | _bCote d'Ivoire | ||
| 245 | _aVariations spatio-saisonnieres des parametres physico-chimiques dans les eaux du lac de barrage KAN (Bouake, Cote d'Ivoire) | ||
| 260 | _aInternational journal of innovation and applied studies | ||
| 260 | _bCNRA | ||
| 260 | _bUNA | ||
| 260 | _cFev 2026 | ||
| 302 | _a p.661-670 | ||
| 388 | _a2026-04-21 | ||
| 650 |
_2AGROVOC _gLac Kan |
||
| 650 | _gPhysico-chimique | ||
| 650 | _gspatio-saisonniere | ||
| 650 | _gBouake | ||
| 999 |
_c6026 _d6026 |
||